000 01439nam a2200385 a 4500
001 118419
003 FlNmELB
005 20241217174950.0
006 m o d |
007 cr cn|||||||||
008 201002r2010 xxu|||||s|||||||||||spa d
020 _z9781449222710
035 _a(MiAaPQ)EBC3186880
035 _a(Au-PeEL)EBL3186880
035 _a(CaPaEBR)ebr10360816
035 _a(OCoLC)928933923
040 _aFlNmELB
_bspa
_cFlNmELB
050 4 _aPQ6070
_bL776 2010
080 _a821.134.2
082 0 4 _a860
_222
245 0 0 _aLiteratura española
_h[recurso electronico] :
_bel siglo XIX /
_cescrito por el Equipo de redacción de Editorial Playor ; bajo la dirección de Pedro Shimose.
260 _a[Miami, FL] :
_b[Firmas Press],
_c[2010?]
300 _a192 p.
440 0 _aBiblioteca de aula
500 _aProyecto considerado de interés cultural y educativo por la UNESCO.
533 _aRecurso electrónico. Santa Fe, Arg.: e-libro, 2015. Disponible vía World Wide Web. El acceso puede estar limitado para las bibliotecas afiliadas a e-libro.
650 4 _aLiteratura
_zEspaña.
650 4 _aFormas y géneros literarios.
650 4 _aSpanish literature
_y19th century
_xHistory and criticism.
653 _aSiglo XIX
655 4 _aLibros electrónicos.
700 1 _aShimose, Pedro,
_edir.
710 2 _ae-libro, Corp.
856 4 0 _uhttps://elibro.net/ereader/politecnicointernacional/36442
999 _c118419
_d118419